ESSENTIALS OF CORPORATE FINANCE (Record no. 23969)

MARC details
000 -LEADER
fixed length control field 00407nam a22001697a 4500
003 - CONTROL NUMBER IDENTIFIER
control field OSt
005 - DATE AND TIME OF LATEST TRANSACTION
control field 20211224111432.0
008 - FIXED-LENGTH DATA ELEMENTS--GENERAL INFORMATION
fixed length control field 211224b |||||||| |||| 00| 0 eng d
020 ## - INTERNATIONAL STANDARD BOOK NUMBER
International Standard Book Number 9780071283403
040 ## - CATALOGING SOURCE
Transcribing agency H U
082 ## - DEWEY DECIMAL CLASSIFICATION NUMBER
Classification number 658.15
100 ## - MAIN ENTRY--PERSONAL NAME
Personal name ROSS ,STEPHEN
9 (RLIN) 24924
245 ## - TITLE STATEMENT
Title ESSENTIALS OF CORPORATE FINANCE
260 ## - PUBLICATION, DISTRIBUTION, ETC.
Place of publication, distribution, etc. NEW YORK
Name of publisher, distributor, etc. Mc GRAW HILL
Date of publication, distribution, etc. 2008
300 ## - PHYSICAL DESCRIPTION
Extent 620
942 ## - ADDED ENTRY ELEMENTS (KOHA)
Source of classification or shelving scheme Dewey Decimal Classification
Koha item type Books like text book referance book
Suppress in OPAC No
Holdings
Withdrawn status Lost status Source of classification or shelving scheme Damaged status Not for loan Home library Current library Shelving location Date acquired Total Checkouts Full call number Barcode Date last seen Copy number Price effective from Koha item type
    Dewey Decimal Classification     College of Business and Economics Library College of Business and Economics Library General Stacks 12/24/2021   658.15/ROS MBEIJB 0000001214731 12/24/2021 1 12/24/2021 Books like text book referance book
    Dewey Decimal Classification     College of Business and Economics Library College of Business and Economics Library General Stacks 12/24/2021   658.15/ROS MBEIJB 0000001214732 12/24/2021 2 12/24/2021 Books like text book referance book
    Dewey Decimal Classification     College of Business and Economics Library College of Business and Economics Library General Stacks 12/24/2021   658.15/ROS MBEIJB 0000001214733 12/24/2021 3 12/24/2021 Books like text book referance book
    Dewey Decimal Classification     College of Business and Economics Library College of Business and Economics Library General Stacks 12/24/2021   658.15/ROS MBEIJB 0000001214734 12/24/2021 4 12/24/2021 Books like text book referance book
    Dewey Decimal Classification     College of Business and Economics Library College of Business and Economics Library General Stacks 12/24/2021   658.15/ROS MBEIJB 0000001214735 12/24/2021 5 12/24/2021 Books like text book referance book